Central Library OPAC University of Rajshahi
Normal view MARC view

Entry Personal Name

Number of records used in: 4

001 - CONTROL NUMBER

  • control field: 425

003 - CONTROL NUMBER IDENTIFIER

  • control field: BD-RjUL

005 - DATE AND TIME OF LATEST TRANSACTION

  • control field: 20211229112923.0

008 - FIXED-LENGTH DATA ELEMENTS

  • fixed length control field: 211229|| aca||aabn | a|a d

040 ## - CATALOGING SOURCE

  • Original cataloging agency: BD-RjUL
  • Transcribing agency: BD-RjUL

100 ## - HEADING--PERSONAL NAME

  • Personal name: Al-Marsafi, Saad ;; المرصفي، سعد

670 ## - SOURCE DATA FOUND

  • Source citation: Work cat.: (BD-RjUL)79086: Al-Marsafi, Saad ;; المرصفي، سعد, حقيقة المشبهات في حديث الحلال بين والحرام بين وبينهما مشبهات ;; haqiqat al mushabihat fi hadith al halal bayn wa lharam bayn wa baynahuma mushabihat :, 1421 هجري[2000].